| 000 | 00619nam a2200205 a 4500 | ||
|---|---|---|---|
| 001 | BRCA_2830 | ||
| 005 | 20190320204004.0 | ||
| 008 | 091208s1960----enka---###---#000-0#eng-u | ||
| 050 | 4 |
_aNK4497 _b.S38 1960 |
|
| 100 | 1 |
_aSavage, Leonard George Gimson _92719 |
|
| 245 | 1 | 0 |
_aSeventeenth and eighteenth century French porcelain _cGeorge Savage. |
| 260 |
_aLondon _bBarrie & Rockliff _c1960 |
||
| 300 |
_a243 p. _bil. _c23 cm. |
||
| 500 | _aIncluye lista de ilustraciones y apéndice. | ||
| 500 | _aAA117 | ||
| 650 | 1 | 4 |
_aPorcelana francesa _97927 |
| 650 | 1 | 4 |
_aPorcelana _xHistoria _91464 |
| 902 | _aGFM | ||
| 942 |
_2lcc _cB |
||
| 999 |
_c2569 _d2569 |
||